000 00311nam a22001337a 4500
008 170613b xxu||||| |||| 00| 0 eng d
020 _a9780830414345
041 _aeng
080 _23 ED
_a324
100 _a19
101 _aSHP
245 _aPOLITICS AND ELECTIONS IN AMERICA
_cBIBY.J.J
942 _2udc
_cBK
999 _c17213
_d17213